Hamilton Characters - Statistics

General Stats
  • This quiz has been taken 12,069 times
  • The average score is 13 of 15
Answer Stats
Hint Answer % Correct
I'm a trust fund, baby, you can trust me Aaron Burr
99%
Ten dollar founding father without a father Alexander Hamilton
97%
You strike me as a woman who has never been satisfied Angelica Schuyler
96%
You will never find anyone as trusting or as kind Eliza Hamilton
96%
I will send a fully armed battalion to remind you of my love King George III
93%
The pride of Mount Vernon! George Washington
92%
The Lancelot of the revolutionary set Lafayette
90%
Someone came along to resist him, pissed him off till we had a two-party system Thomas Jefferson
89%
I am a poet, I wrote this poem just to show it Philip Hamilton
87%
I think your pants look hot Hercules Mulligan
84%
Do not throw away your shot John Laurens
83%
So I offered her a loan, I offered to walk her home Maria Reynolds
81%
Like I said, you're free to go Peggy Schuyler
80%
I'm a general. Wheeeeee! Charles Lee
78%
You're mad as a hatter, son, take your medicine James Madison
74%
No matching quizzes found
Score Distribution
Percent of People with Each Score
Percentile by Number Answered
Your Score History
You have not taken this quiz